Industria Legal

Detalles Bibliográficos
Formato: eBook
Lenguaje:español
Publicado: Ciudad de Mx̌ico: Industria Legal, 2021 -
Materias:
Acceso en línea:Acceso restringido

MARC

LEADER 00000nam a22000007a 4500
005 20210908010141.0
007 cr|||| ||||
008 210908c20219999mx n|w s|||| 0|||b1spa d
035 |a 35146 
040 |a vLex 
090 |c 12321  |d 12321 
245 0 0 |a Industria Legal  |h [Recurso electrn̤ico] / 
256 |a Servicio en ln̕ea 
260 |a Ciudad de Mx̌ico:  |b Industria Legal,  |c 2021 - 
300 |a 1 recurso electrn̤ico 
310 |a Irregular 
362 |a Nð 1 (Jul. 2021) - 
506 1 |a Disponible solo en los productos indicados  |d vLex Global  |d vLex Global (Academic Edition, excluding Law Schools)  |d vLex Global (U.S. Academic Edition, Law Schools)  |d vLex Global (U.S. Academic Edition, excluding Law Schools)  |d vLex Global (Academic Edition, Law Schools) 
650 0 4 |a Derecho Mercantil y de la Empresa  |z Mx̌ico 
650 0 4 |a Derecho Pb︢lico y Administrativo  |z Mx̌ico 
650 0 4 |a Derecho Comunitario  |z Mx̌ico 
740 0 |a vLex Revistas (Servicio en ln̕ea) 
856 4 0 |u https://app.vlex.com/#/sources/35146  |z Acceso restringido 
942 |c REV 
999 0 |a Commercial and Company Law 
999 0 |a Public and Administrative Law 
999 0 |a Community Law